Śahīda-samjhanā. (Record no. 83606)

MARC details
000 -LEADER
fixed length control field 00531cam a22002171 4500
001 - CONTROL NUMBER
control field sa 68010880
003 - CONTROL NUMBER IDENTIFIER
control field DLC
005 - DATE AND TIME OF LATEST TRANSACTION
control field 20260227112556.0
008 - FIXED-LENGTH DATA ELEMENTS--GENERAL INFORMATION
fixed length control field 941010q19581959np c 000 0 nepo
010 ## - LIBRARY OF CONGRESS CONTROL NUMBER
LC control number sa 68010880
025 ## - OVERSEAS ACQUISITION NUMBER
Overseas acquisition number PL480:N-541
035 ## - SYSTEM CONTROL NUMBER
System control number (OCoLC)31253549
040 ## - CATALOGING SOURCE
Original cataloging agency DLC
Transcribing agency CU
Modifying agency CU
-- DLC
042 ## - AUTHENTICATION CODE
Authentication code premarc
050 00 - LIBRARY OF CONGRESS CALL NUMBER
Classification number PK2598.T48
Item number S2
100 1# - MAIN ENTRY--PERSONAL NAME
Personal name Thāpā, Dharmarāja,
Dates associated with a name 1924-
245 10 - TITLE STATEMENT
Title Śahīda-samjhanā.
260 ## - PUBLICATION, DISTRIBUTION, ETC.
Date of publication, distribution, etc. [1958 or 9]
300 ## - PHYSICAL DESCRIPTION
Extent 5, 25 p.
Other physical details port.
Dimensions 19 cm.
500 ## - GENERAL NOTE
General note In Nepali.

No items available.

Powered by Koha